motive (with Doja Cat) - Ariana Grande (All Lyrics) - Statistics

General Stats
  • This quiz has been taken 64 times
  • The average score is 270 of 380
Answer Stats
Lyrics % Correct
I
96%
me
94%
me,
94%
me)
94%
motive?
94%
(motive)
94%
motive?)
94%
motive,
94%
motive
94%
you
94%
G
91%
tell
91%
(tell
91%
what
91%
your
91%
what's
89%
(what's
89%
a
87%
on
87%
on)
87%
see
83%
tryin',
83%
tryin'
83%
baby,
81%
baby
81%
baby?
81%
baby)
81%
be
81%
this
81%
why
81%
feeling
79%
i'm
79%
like
79%
that
79%
the
79%
to
79%
wanna
79%
it
77%
make
77%
one
77%
'cause
74%
'cause
74%
get
74%
gon'
74%
if
74%
want
74%
want,
74%
yours,
74%
real
72%
turn
72%
yeah,
72%
(yeah,
72%
yeah)
72%
(yeah)
72%
but
70%
it's
70%
before
68%
can
68%
exciting
68%
exciting,
68%
lead
66%
really
66%
admit
64%
got
64%
of
64%
parts
64%
say)
64%
say
64%
kinda
60%
subliminally
57%
ah
55%
(ah)
55%
ah)
55%
lie
53%
no
53%
so
53%
mu
51%
need
51%
away
49%
mile
47%
treat
47%
(don't
45%
don't
45%
gold,
45%
candy
43%
from
43%
arm
40%
can't
40%
trophy
40%
for
38%
just
36%
(just
36%
keep
36%
might
34%
sugarcoat
34%
back
32%
bullshit
32%
sport
32%
all
30%
comin'
30%
murda
30%
straight
30%
war,
30%
along
28%
bring
28%
call
28%
have
28%
now
28%
respect
28%
tonight?
28%
out,
26%
sing
26%
up
26%
and
23%
did
23%
mean
23%
mind,
23%
trust
23%
bona
21%
(come
21%
come
21%
could
21%
neck
21%
spoil
21%
that's
21%
wise
21%
fide
19%
fightin'
19%
gotta
19%
had
19%
or
19%
phonies,
19%
promise
19%
some
19%
needed
17%
well,
17%
curve
15%
everything
15%
put
15%
wall
15%
wanted
15%
fists
13%
(give
13%
you'll
13%
(ayy,
11%
ayy,
11%
touch
11%
(better
6%
better
6%
No matching quizzes found
Score Distribution
Percent of People with Each Score
Percentile by Number Answered
Your Score History
You have not taken this quiz